Kriterien Wissenschaftsethik - Statistiken

Allgemein
  • Dieses Quiz wurde 6 mal gespielt
  • Das Durchschnittsergebnis liegt bei 9 aus 12
Antwortstatistiken
Hint Antwort % Korrekt
2 Objektivität
100%
4 Reliabilität
100%
5 Validität
100%
1 Ehrlichkeit
67%
10 Fairness
67%
12 (intersubjektive) Nachvollziehbarkeit
67%
8 Logische Argumentation
67%
9 Originalität
67%
7 Relevanz
67%
3 Überprüfbarkeit
67%
11 Verantwortung
67%
6 Verständlichkeit
33%
Keine übereinstimmenden Quizze gefunden
Verteilung der Resultate
Anzahl Personen mit jedem Resultat
Perzentil nach korrekt beantworteten Fragen
Ihre Resultats-Entwicklung
Sie haben dieses Quiz noch nicht gespielt